Vista normal
Vista MARC
Entrada Materia (personas)
Número de registros utilizados en: 1
001 - CONTROL NUMBER
- control field: 74112
003 - CONTROL NUMBER IDENTIFIER
- control field: Co-BoUCM
005 - DATE AND TIME OF LATEST TRANSACTION
- control field: 20151203113801.0
008 - FIXED-LENGTH DATA ELEMENTS
- fixed length control field: 151203|| aca||aabn | a|a d
040 ## - CATALOGING SOURCE
- Original cataloging agency: Co-BoUCM
- Transcribing agency: Co-BoUCM
100 ## - HEADING--PERSONAL NAME
- Personal name: Pietro
- Titles and other words associated with a name: de Bergamo
- Dates associated with a name: - 1482
670 ## - SOURCE DATA FOUND
- Source citation: Work cat.: (Co-BoUCM)67115: Pietro de Bergamo - 1482, Tabula seu index atque compendium, & epilogus omnium sententiarum diui Thomae Aquinatis, per conclusiones resolutas, quae in omnibus libris, vel commentariis eiusdem, diffusius continentur ..., 1539